| 000 | 01011nam a22002657a 4500 | ||
|---|---|---|---|
| 003 | EG-ScBUE | ||
| 005 | 20211011124924.0 | ||
| 008 | 211011s2002 ly f b 000 0 ara d | ||
| 040 |
_aEG-ScBUE _bara _erda _cEG-ScBUE _dEG-ScBUE |
||
| 082 | 0 | 4 |
_a297.14 _bق ز و _222 |
| 100 | 1 |
_aالقزويني، علي بن عمر، _d600-675 هـ.، _eمؤلف. |
|
| 245 | 1 | 0 |
_aجوامع اللذة / _cعلي الكاتبي القزويني. |
| 250 | _aالطبعة الأولى. | ||
| 264 | 1 |
_a[طرابلس، ليبيا] _bتالة للطباعة والنشر، _c2002. |
|
| 300 |
_a243 صفحة ؛ _c24 سم |
||
| 336 |
_2rdacontent _aنص _btxt |
||
| 337 |
_2rdamedia _aبدون وسيط _bn |
||
| 338 |
_2rdacarrier _aمجلد _bnc |
||
| 504 | _aيشتمل على إرجاعات ببليوجرافية. | ||
| 541 | _cإهداء. | ||
| 650 | 7 |
_aالزواج (فقه إسلامي). _2BUEsh |
|
| 650 | 7 |
_aالفقه الإسلامي. _2BUEsh |
|
| 650 | 7 |
_aالاحكام الشرعية. _2BUEsh |
|
| 942 | _2ddc | ||
| 999 |
_c29575 _d29546 |
||